TV Titles by Antonym II Quiz Stats

 Plays Quiz Updated Nov 17, 2017

Score 0/22 Timer 06:00
6 Plays Today
Antonym Title % Correct
Little SisterBig Brother
95.7%
EnemiesFriends
94.8%
Single...Without AdultsMarried...With Children
90.7%
Who Doesn't Want to be BankruptWho Wants to be a Millionaire
90.4%
The OpenerThe Closer
89.6%
Queen of the ValleyKing of the Hill
89.3%
ApartmentHouse
86.1%
Nights of Your DeathsDays of our Lives
86%
Mundane Makeunder: Homeless EditionExtreme Makeover: Home Edition
81.1%
Crime and ChaosLaw & Order
80%
Abstinence or the CountrySex and the City
78.7%
Antonym Title % Correct
Fixing GoodBreaking Bad
76.9%
FactBuildersMythBusters
69.4%
BoosCheers
62.6%
Sane WomenMad Men
42.6%
NunMonk
37.2%
Real NameAlias
34.1%
The Worst Russian VillainThe Greatest American Hero
32.6%
LiveplasticDeadwood
31.7%
SorrowGlee
28.4%
Single CanyonsTwin Peaks
26.6%
Fact BoyGossip Girl
23.7%

You're not logged in!

Compare scores with friends on all Sporcle quizzes.
OR
Log In

Sporcle TV

Today on Sporcle TV


Watch our educational content, quiz creation guides, and fun videos on Sporcle TV.

Show Comments

Extras

Top Quizzes Today


Score Distribution

Your Account Isn't Verified!

In order to create a playlist on Sporcle, you need to verify the email address you used during registration. Go to your Sporcle Settings to finish the process.

Report this User

Report this user for behavior that violates our Community Guidelines.

Details: